League of Legends Worlds 2017 Teams and Rosters - Statistics

General Stats
  • This quiz has been taken 5 times
  • The average score is 75 of 153
Answer Stats
Hint Answer % Correct
SKT Bang
100%
LZ Bdd
100%
WE Ben
100%
SKT Blank
100%
NA LCS #3 Cloud9
100%
SSG CoreJJ
100%
LZ Cuzz
100%
LPL #1 EDward Gaming
100%
SKT Faker
100%
LMS #1 Flash Wolves
100%
EU LCS #3 Fnatic
100%
EU LCS #1 G2 Esports
100%
LZ GorillA
100%
SKT Huni
100%
NA LCS #2 Immortals
100%
LZ Khan
100%
LCK #1 Longzhu Gaming
100%
EU LCS #2 Misfits
100%
LZ PraY
100%
LPL #2 Royal Never Give Up
100%
SSG Ruler
100%
LCK #3 Samsung Galaxy
100%
EDG Scout
100%
LCK #2 SK Telecom T1
100%
LPL #3 Team WE
100%
NA LCS #1 TSM
100%
SKT Wolf
100%
WE 957
80%
SSG Ambition
80%
TSM Bjergsen
80%
FNC Broxah
80%
FNC Caps
80%
EDG Clearlove7
80%
SSG Crown
80%
SSG CuVee
80%
GPL #1 GIGABYTE Marines
80%
MSF Hans Sama
80%
SSG Haru
80%
EDG iBoy
80%
MSF IgNar
80%
C9 Impact
80%
FW Karsa
80%
RNG Letme
80%
MSF Maxlore
80%
EDG Meiko
80%
RNG Ming
80%
RNG Mlxg
80%
EDG Mouse
80%
WE Mystic
80%
SKT Peanut
80%
MSF PowerOfEvil
80%
FNC Rekkles
80%
C9 Sneaky
80%
FNC sOAZ
80%
RNG Uzi
80%
RNG Xiaohu
80%
WE xiye
80%
LMS #2 ahq e-Sports Club
60%
MSF Alphari
60%
TSM Biofrost
60%
C9 Contractz
60%
TSM Doublelift
60%
G2 Expect
60%
C9 Jensen
60%
FW Maple
60%
G2 Mithy
60%
FW MMD
60%
G2 Perkz
60%
IMT Pobelter
60%
C9 Smoothie
60%
FW SwordArt
60%
G2 Trick
60%
IMT Xmithie
60%
G2 Zven
60%
FW Betty
40%
IMT Cody Sun
40%
WE Condi
40%
GMB Diamondprox
40%
OPL #1 Dire Wolves
40%
GMB EDward
40%
IMT Flame
40%
LCL #1 Gambit Esports
40%
TSM Hauntzer
40%
LMS #3 Hong Kong Attitude
40%
FNC Jesiz
40%
CLS #1 Kaos Latin Gamers
40%
GAM Levi
40%
IMT Olleh
40%
LJL #1 Rampage
40%
TSM Svenskeren
40%
CBLOL #1 Team oNe eSports
40%
WE Zero
40%
TCL #1 1907 Fenerbahçe
20%
AHQ Albis
20%
AHQ AN
20%
GAM Archie
20%
YG BigKoro
20%
AHQ Chawy
20%
RPG Evi
20%
FB Japone
20%
HKA Kaiwing
20%
GMB Kira
20%
LLN #1 LYON Gaming
20%
HKA M1ssion
20%
AHQ Mountain
20%
YG Naul
20%
YG NhocTy
20%
GAM Noway
20%
LYN Oddie
20%
GAM Optimus
20%
FB Padden
20%
YG Palette
20%
KLG Plugo
20%
GMB PvPStejos
20%
LZ Rascal
20%
ONE RedBert
20%
LYN seiya
20%
DW Shernfire
20%
KLG Tierwulf
20%
HKA Unified
20%
ONE VVvert
20%
AHQ westdoor
20%
LYN WhiteLotus
20%
GPL #2 Young Generation
20%
AHQ Ziv
20%
ONE 4LaN
0%
ONE Absolut
0%
GMB Blasting
0%
ONE Brucer
0%
DW Chippys
0%
FB Crash
0%
RPG Dara
0%
DW Destiny
0%
KLG Fix
0%
FB Frozen
0%
HKA Gemini
0%
LYN Genthix
0%
HKA Godkwai
0%
LYN Jirall
0%
DW k1ng
0%
KLG MANTARRAYA
0%
ONE Marf
0%
GAM Nevan
0%
DW Phantiks
0%
RPG Ramune
0%
YG Ren
0%
HKA Riris
0%
KLG Slow
0%
GAM Sya
0%
FB Thaldrin
0%
RPG Tussle
0%
YG Venus
0%
RPG YutoriMoyasi
0%
No matching quizzes found
Score Distribution
Percent of People with Each Score
Percentile by Number Answered
Your Score History
You have not taken this quiz